Efecto de la fecha de siembra sobre el crecimiento y desarrollo de once variedades de cebolla /

Guardado en:
Autor Principal: Torreblanca, Fernando Julián.
Autor Corporativo: Universidad Nacional del Sur. Departamento de Agronomía.
Otros Autores: Cantamutto, Miguel A., (tutor.)
Formato: Libro
Idioma:Spanish
Publicado: Bahía Blanca, 2004.
Etiquetas: Agregar Etiqueta
Sin Etiquetas, Sea el primero en etiquetar este registro!
LEADER 00749nam a22001695a 4500
001 EEA.libagro007344
005 20180523112208.0
008 130809s2004####ag#a##########000#0#spa#d
082 0 4 |a 635.25 
100 1 |a Torreblanca, Fernando Julián. 
245 1 0 |a Efecto de la fecha de siembra sobre el crecimiento y desarrollo de once variedades de cebolla /  |c Fernando Julián Torreblanca. 
260 |a Bahía Blanca,  |c 2004. 
300 |a 43 h. :  |b il. ;  |c 30 cm. 
500 |a Trabajo de intensificación (Ingeniero Agrónomo) -- Universidad Nacional del Sur. Departamento de Agronomía, 2004. 
700 1 |a Cantamutto, Miguel A.,  |e tutor. 
710 2 |a Universidad Nacional del Sur.  |b Departamento de Agronomía. 
859 |a AR-BbBCA  |b BIB. AGRONOMIA  |h 635.25  |i T689  |p 2005/4715